Statistics for What uses fans

Click here to take the quiz!

General Stats

  • This quiz has been taken 8 times
  • The average score is 3 of 9

Answer Stats

First letterAnswer% Correct
PPlane
83%
AAir Conditioning
50%
CCars
50%
CComputer
50%
HHelicopter
50%
CConsole
0%
CCooling systems
0%
GGaming PC
0%
SSwamp Buggy
0%

Score Distribution

Percentile by Number Answered

Percent of People with Each Score

Your Score History

You have not taken this quiz